000 00713nam a2200217 a 4500
001 000022796
005 20200930021812.0
008 101118s1969 ve ac r 000 f spa d
040 _aDO-SdBNP
_bspa
_cBNPHU
082 _a750.92
_bC171ó
100 1 _aCalzadilla, Juan,
_d1931-
_914066
245 1 0 _aEl ojo que pasa :
_b(crónicas sobre la actividad artística) /
_cJuan Calzadilla.
260 _aCaracas, (Venezuela) :
_bMonte Ávila Editores,
_c1969.
300 _a163, [15] p. :
_bil., retrs. ;
_c1969.
490 1 _aContinente
650 4 _aPintura venezolana
_946834
650 4 _aPintura
_zVenezuela
_xHistoria
_946835
650 4 _aPintura
_xFilosofía
_946836
830 0 _aContinente
_95070
049 _aBNGR
999 _c22293
_d22293